One Piece: personnages saga Thriller Bark - Statistiques

Statistiques générales
  • Ce quiz a été pris 323 fois
  • Le résultat moyen est 23 sur 40
Statistiques - réponses
Hint Réponse % Correct
Charpentier de l'équipage au chapeau de paille Franky
100%
Capitaine de l'équipage au chapeau de paille Monkey D Luffy
100%
Navigatrice de l'équipage au chapeau de paille Nami
100%
Combattant de l'équipage au chapeau de paille Roronoa Zoro
100%
Médecin de l'équipage au chapeau de paille Tony Tony Chopper
100%
Tireur de l'équipage au chapeau de paille Usopp
100%
Cuisinier de l'équipage au chapeau de paille Vinsmoke Sanji
100%
Musicien de l'équipage au chapeau de paille Brook
99%
Archéologue de l'équipage au chapeau de paille Nico Robin
99%
Capitaine de Thriller Bark Gecko Moria
98%
Membre des 3 abominations de Thriller Bark Perona
93%
Zombie possédant l'ombre du Capitaine de l'équipage au chapeau de paille Oz
92%
Membre des 3 abominations de Thriller Bark Absalom
89%
Membre des 7 grands Corsaires Bartholomew Kuma
87%
Zombie Phacochère Laura
87%
Femme pirate refusé 4444 fois en mariage Laura
87%
Zombie Samouraï Ryuma
80%
Membre des 3 abominations de Thriller Bark Hogback
76%
Baleine Island Whale Laboon
73%
Gardien du phare Crocus
65%
Zombie détestant les assiettes. Victoria Cindry
65%
Zombie à 3 têtes Cerbère
49%
Zombie d'un grand capitaine Capitaine John
46%
Capitaine du Rumbar Yorki
38%
Zombie peluche Kumacy
37%
Zombie pouvant voler Hildon
29%
Zombie possédant l'ombre d'un membre de l'équipage au chapeau de paille Jigoro
26%
Frères zombie écureuils Frères Risky
24%
Frères pirates s'étant fait voler leurs ombres Frères Risky
24%
Zombie Hippopotame Hippo-gentleman
21%
Zombie araignée Tararan
20%
Zombie possédant l'ombre d'un membre de l'équipage au chapeau de paille Chienguin
19%
Zombie arbre Mocdonald
13%
Membre d'un trio de zombies Bao
12%
Membre d'un trio de zombies Nin
12%
Membre d'un trio de zombies Gyoro
11%
Zombie licorne Unigaro
9%
Vieillard blessé qui ressemble à un zombie Spoil
8%
Zombie cochon Buhikku
6%
Capitaine de l'équipage au chapeau de paille ayant ingérer 100 ombres Nigthmare Luffy
5%
Aucun quiz correspondant
Distribution des résultats
% des personnes avec chaque résultat
Percentile par nombre de réponses
Votre historique - résultats
Vous n’avez pas pris ce quiz